Представление документа в формате MARC21

Поле Инд. ПП Название Значение
Тип записи a
Библиографический уровень m
001 Контрольный номер RU/IS/BASE/293811181
005 Дата корректировки 20230517113636.5
022 0_ a ISSN 0204-3483
041 a Код языка текста rus
084 a Индекс другой классификации/Индекс ББК 20.117
090 a Полочн. индекс 95.2+20
099 a Индекс 73154
245 10 a Заглавие Инженерная экология
n Номер части/ раздела №2/2009
b Продолж. заглавия научно-аналитический журнал
c Ответственность гл. ред. Н. П. Лаверов
260 c Дата издания 2009
b Издательство Инженерная экология
a Место издания Москва
300 a Объем 80 с.
500 a Примечание Журнал
505 a Форматированное содержание Экологическая и инженерная геология: синергия процессов в сейсмических очагах и краткосрочный прогноз землетрясений
b Автор Сибгатулин В. Г.
b Автор Хлебопрос Р. Г.
b Автор Перетокин С. А.
b Автор Кабанов А. А.
505 a Форматированное содержание Экологическая и инженерная геология: матричные материалы для долговременного захоронения радиационных отходов в гранитоидах
b Автор Верещагина Т. А.
b Автор Васильева Н. Г.
b Автор Аншиц Н. Н.
b Автор Верещагин С. Н.
b Автор Аншиц А. Г.
505 a Форматированное содержание Экологическая и инженерная геология: изучение влияния нефтедобывающих скважин Ванкорского месторождения на тепловой режим грунтов
b Автор Аргунова К. К.
b Автор Бондарев Э. А.
b Автор Рожин И. И.
505 a Форматированное содержание Геоэкологический мониторинг: метеорологический контроль обледенения воздухоподающих подземных выработок при положительной температуре
b Автор Демин В. И.
b Автор Зюзин Ю. Л.
b Автор Ковалев А. В.
b Автор Пугачев С. С.
505 a Форматированное содержание Аннотации статей
650 14 a Основная рубрика экология
653 a Ключевые слова геоэкологический мониторинг
a Ключевые слова гранитоиды
a Ключевые слова захоронение радиоактивных отходов
a Ключевые слова землетрясения
a Ключевые слова инженерная геология
a Ключевые слова краткосрочные прогнозы
a Ключевые слова метеорологические наблюдения
a Ключевые слова нефтедобывающие скважины
a Ключевые слова подземные выработки
a Ключевые слова сейсмические зоны
a Ключевые слова сейсмические районы
a Ключевые слова синергия
a Ключевые слова тепловой режим
a Ключевые слова экологическая геология
773 w Контрольный № источника RU/IS/BASE/390322566
901 t Тип документа s
952 a Тип литературы для КСУ ВШ НЖ
991 s 3